000 00810nam a2200253Ia 4500
003 OSt
005 20221005062033.0
006 a|||||r|||| 00| 0
007 ta
008 221004b |||||||| |||| 00| 0 eng d
020 _a0415465303 (pbk)
_c1847.09
024 _a113688
037 _b161/2011-12, 20/01/2012, Pioneer Books Distributors
_cTextual
040 _aCRL
_cCRL
_beng
041 _2eng
_aeng
082 _aV52:1945.D5, P2
100 _aGreatrex Geoffrey Ed.
_9601403
245 0 _aRoman eastern frontier and the persian wars
260 _aLondon
_bRoutledge UK
_c2002
300 _axxxii,373p.
_ccm.
650 _aHISTORY
942 _hV52:1945.D5, P2
_cTEXL
_2cc
999 _c969114
_d969114